[Event "ODEM U25A 2012"]
[Site "Oberhof GER"]
[Date "2012.05.28"]
[Round "3"]
[White "Figura, Atila Gajo"]
[Black "Holle, Cedric"]
[Result "1-0"]
[Termination "normal"]
[Board "5"]
[WhiteTitle "FM"]
[WhiteElo "2351"]
[BlackElo "1840"]
[PlyCount "69"]
[WhiteFideId "4688058"]
[BlackFideId "24692158"]
[EventCountry "GER"]
[EventRounds "9"]
[EventType "swiss"]
[EventDate "2012.05.26"]

1. d4 Nf6 2. c4 c5 3. d5 b5 4. cxb5 a6 5. bxa6 Bxa6 6. Nc3 g6 7. e4 Bxf1 8.
Kxf1 d6 9. Nge2 Bg7 10. h3 O-O 11. Kg1 Nbd7 12. Qc2 Qb6 13. Kh2 Rfb8 14. Rb1
Ne5 15. b3 c4 16. Rf1 Qa6 17. b4 Nfd7 18. b5 Qa5 19. Be3 Nd3 20. Nd4 Nb4 21.
Qb2 Nd3 22. Qd2 N7c5 23. Rfd1 Rb7 24. f3 Be5+ 25. Kh1 e6 26. dxe6 Nxe6 27. Nde2
Nec5 28. Bd4 Na4 29. Nd5 Bxd4 30. Nxd4 Qa7 31. Nc6 Qc5 32. Qh6 f5 33. Nce7+ Kh8
34. Nxg6+ Kg8 35. Nge7+ 1-0

[Event "ODEM U25A 2012"]
[Site "Oberhof GER"]
[Date "2012.05.28"]
[Round "3"]
[White "Gubela, Hans-Erich Constantin"]
[Black "Ott, Florian"]
[Result "0-1"]
[Termination "normal"]
[Board "6"]
[WhiteElo "1740"]
[BlackElo "1976"]
[PlyCount "58"]
[WhiteFideId "24692140"]
[BlackFideId "12900281"]
[EventCountry "GER"]
[EventRounds "9"]
[EventType "swiss"]
[EventDate "2012.05.26"]

1. e4 c5 2. Nf3 d6 3. d4 cxd4 4. Nxd4 Nf6 5. Nc3 a6 6. f3 e5 7. Nb3 Be6 8. Be3
Be7 9. Qd2 O-O 10. O-O-O b5 11. g4 Nbd7 12. h4 b4 13. Nd5 Bxd5 14. exd5 a5 15.
Kb1 Nb6 16. Bxb6 Qxb6 17. h5 a4 18. Nc1 Ra5 19. Bc4 Nd7 20. Nd3 Rb8 21. g5 f6
22. h6 g6 23. gxf6 Bxf6 24. f4 Qd4 25. fxe5 dxe5 26. Rhf1 Qxc4 27. Rxf6 Nxf6
28. Nxe5 Qxd5 29. Qe2 Qe6 0-1

[Event "ODEM U25A 2012"]
[Site "Oberhof GER"]
[Date "2012.05.28"]
[Round "3"]
[White "Peters, Tom"]
[Black "Adelhütte, Dennis"]
[Result "1/2-1/2"]
[Termination "normal"]
[Board "7"]
[WhiteElo "1786"]
[BlackElo "1982"]
[PlyCount "107"]
[WhiteFideId "24694444"]
[BlackFideId "4661265"]
[EventCountry "GER"]
[EventRounds "9"]
[EventType "swiss"]
[EventDate "2012.05.26"]

1. e4 e6 2. d4 d5 3. Nc3 dxe4 4. Nxe4 Be7 5. Nf3 Nf6 6. Nxf6+ Bxf6 7. Be3 O-O
8. Bd3 Nd7 9. c3 Re8 10. Qc2 Nf8 11. O-O-O Bd7 12. Ne5 a5 13. g4 c6 14. h4 b5
15. g5 Bxe5 16. dxe5 Qe7 17. h5 g6 18. hxg6 fxg6 19. Be4 Rac8 20. Rd6 c5 21. f4
Rc7 22. Rhd1 Rec8 23. Qg2 a4 24. Bb7 Rb8 25. Ba6 Qe8 26. Qf2 Bc6 27. Bxc5 Ra8
28. Bb6 Rf7 29. Rd8 Rxd8 30. Bxd8 Nd7 31. Rd6 Qxd8 32. Rxc6 Nxe5 33. Qb6 Nxc6
34. Qxc6 Qd7 35. Qxd7 Rxd7 36. Bxb5 Ra7 37. Kd2 Kf7 38. c4 Ke7 39. Ke3 Kd6 40.
Kd4 Rf7 41. Ke4 Ra7 42. a3 Rc7 43. Kd4 Rf7 44. Ke4 Kc5 45. Ke3 Rf8 46. Ke4 Rd8
47. Bxa4 Kxc4 48. Ke5 Rd5+ 49. Kf6 Rf5+ 50. Kg7 e5 51. fxe5 Rxe5 52. Kxh7 Rxg5
53. Bc2 Rg2 54. Bxg6 1/2-1/2

[Event "ODEM U25A 2012"]
[Site "Oberhof GER"]
[Date "2012.05.28"]
[Round "3"]
[White "Vergin, Marcel"]
[Black "Baier, Christoph"]
[Result "0-1"]
[Termination "normal"]
[Board "8"]
[WhiteElo "1565"]
[BlackElo "1927"]
[PlyCount "68"]
[BlackFideId "24655759"]
[EventCountry "GER"]
[EventRounds "9"]
[EventType "swiss"]
[EventDate "2012.05.26"]

1. e4 c5 2. Nf3 Nc6 3. d4 cxd4 4. Nxd4 g6 5. Be3 Bg7 6. Nc3 Nf6 7. f3 O-O 8.
Bc4 d6 9. Qd2 Bd7 10. O-O-O Rc8 11. Bb3 Ne5 12. Kb1 Nc4 13. Bxc4 Rxc4 14. g4 a6
15. h4 b5 16. h5 b4 17. Nce2 a5 18. Bh6 Qc7 19. Bxg7 Kxg7 20. hxg6 fxg6 21.
Qh6+ Kg8 22. g5 Nh5 23. Nf4 Rxf4 24. Rxh5 Rf7 25. Rh2 e5 26. Rdh1 Rxd4 27.
Qxg6+ Kf8 28. Rxh7 Be6 29. c3 bxc3 30. Qh6+ Ke7 31. g6 Bxa2+ 32. Kc1 cxb2+ 33.
Kxb2 Rb4+ 34. Kxa2 Qc2+ 0-1

[Event "ODEM U25A 2012"]
[Site "Oberhof GER"]
[Date "2012.05.28"]
[Round "3"]
[White "Peters, Florian"]
[Black "Höpfner, Tim"]
[Result "1-0"]
[Termination "normal"]
[Board "9"]
[WhiteElo "1537"]
[BlackElo "1942"]
[PlyCount "41"]
[WhiteFideId "12952028"]
[BlackFideId "4638310"]
[EventCountry "GER"]
[EventRounds "9"]
[EventType "swiss"]
[EventDate "2012.05.26"]

1. d4 Nf6 2. f3 d5 3. e4 dxe4 4. Nc3 exf3 5. Nxf3 Bf5 6. Ne5 Nbd7 7. Qf3 Bxc2
8. Qxb7 Rb8 9. Qxa7 Nxe5 10. dxe5 Ng4 11. Bf4 Rb6 12. Be2 h5 13. Rc1 Bf5 14.
Rd1 Bd7 15. h3 g5 16. e6 Rxe6 17. Bxc7 Qc8 18. hxg4 Bg7 19. Qb8 O-O 20. Qxc8
Rxc8 21. Rxd7 1-0

[Event "ODEM U25A 2012"]
[Site "Oberhof GER"]
[Date "2012.05.28"]
[Round "3"]
[White "Scheinhütte, Jakob"]
[Black "Wurm, Alexander"]
[Result "0-1"]
[Termination "normal"]
[Board "10"]
[WhiteElo "1661"]
[BlackElo "2059"]
[PlyCount "64"]
[WhiteFideId "24693944"]
[BlackFideId "24637246"]
[EventCountry "GER"]
[EventRounds "9"]
[EventType "swiss"]
[EventDate "2012.05.26"]

1. e4 e5 2. Nf3 Nc6 3. Bb5 a6 4. Ba4 Nf6 5. O-O Nxe4 6. d4 b5 7. Bb3 d5 8. dxe5
Be6 9. c3 Be7 10. Nbd2 Nc5 11. Bc2 O-O 12. Re1 b4 13. Nd4 Nxd4 14. cxd4 Nb7 15.
Nf3 c5 16. dxc5 Nxc5 17. Nd4 Qc8 18. Nxe6 fxe6 19. Qh5 Ne4 20. Bxe4 dxe4 21.
Rxe4 Qc2 22. Qe2 Rac8 23. Qxc2 Rxc2 24. f3 Rfc8 25. Re1 Bc5+ 26. Kh1 Bd4 27.
Rb1 Rf2 28. Bf4 Rxb2 29. Rxb2 Bxb2 30. Re2 Bc1 31. Bg3 a5 32. Re4 Rc2 0-1

[Event "ODEM U25A 2012"]
[Site "Oberhof GER"]
[Date "2012.05.28"]
[Round "3"]
[White "Kieslich, Aaron"]
[Black "Theurich, Joel"]
[Result "1-0"]
[Termination "normal"]
[Board "11"]
[WhiteElo "1979"]
[BlackElo "1792"]
[PlyCount "63"]
[WhiteFideId "1270391"]
[BlackFideId "12930393"]
[EventCountry "GER"]
[EventRounds "9"]
[EventType "swiss"]
[EventDate "2012.05.26"]

1. d4 d5 2. c4 e6 3. Nc3 Nf6 4. cxd5 exd5 5. Bg5 c6 6. Qc2 Nbd7 7. e3 h6 8. Bh4
Be7 9. Bd3 Qc7 10. Nge2 Bd6 11. Bg3 Bxg3 12. Nxg3 Nb6 13. O-O Be6 14. f3 O-O
15. Bf5 Bxf5 16. Nxf5 Qd8 17. Qf2 Ne8 18. e4 Nd6 19. Nxd6 Qxd6 20. e5 Qd7 21.
f4 Kh8 22. f5 Rfd8 23. Qh4 Qe8 24. f6 Qf8 25. fxg7+ Qxg7 26. Rf6 Kh7 27. Raf1
Rd7 28. R1f3 Rg8 29. Rg3 Qf8 30. Rxg8 Kxg8 31. Rxh6 Qg7 32. Rh5 1-0

[Event "ODEM U25A 2012"]
[Site "Oberhof GER"]
[Date "2012.05.28"]
[Round "3"]
[White "Hoffmann, Tim"]
[Black "Schirra, Felix"]
[Result "0-1"]
[Termination "normal"]
[Board "12"]
[WhiteElo "1945"]
[BlackElo "1636"]
[PlyCount "62"]
[WhiteFideId "12900338"]
[BlackFideId "24692662"]
[EventCountry "GER"]
[EventRounds "9"]
[EventType "swiss"]
[EventDate "2012.05.26"]

1. e4 c5 2. Nf3 d6 3. d4 cxd4 4. Nxd4 Nf6 5. Nc3 g6 6. Be3 Bg7 7. Bc4 Nc6 8.
Bb3 Bd7 9. f3 O-O 10. Qd2 Rb8 11. O-O-O Na5 12. Bh6 Bxh6 13. Qxh6 b5 14. h4 e5
15. Nde2 b4 16. Nd5 Nxb3+ 17. cxb3 Nxd5 18. Rxd5 Be6 19. Rd2 Rc8+ 20. Kb1 Rc6
21. h5 g5 22. Rhd1 f6 23. g3 Qe7 24. f4 Bg4 25. Rf1 exf4 26. Nd4 Qxe4+ 27. Ka1
Rc7 28. Nb5 Qe3 29. Nxc7 Qxd2 30. gxf4 Bd1 31. a4 bxa3 0-1

[Event "ODEM U25A 2012"]
[Site "Oberhof GER"]
[Date "2012.05.28"]
[Round "3"]
[White "Grötzbach, Daniel"]
[Black "Becker, Dirk"]
[Result "1-0"]
[Termination "normal"]
[Board "13"]
[WhiteElo "1896"]
[BlackElo "1720"]
[PlyCount "103"]
[WhiteFideId "24692166"]
[BlackFideId "12938564"]
[EventCountry "GER"]
[EventRounds "9"]
[EventType "swiss"]
[EventDate "2012.05.26"]

1. e4 d5 2. exd5 Qxd5 3. Nf3 Nf6 4. d4 c6 5. Be2 Bg4 6. O-O e6 7. c4 Qd6 8. Nc3
Be7 9. a3 O-O 10. Be3 Rd8 11. b4 a6 12. Qb3 Nbd7 13. Rfd1 Qc7 14. Rac1 a5 15.
h3 axb4 16. axb4 Bh5 17. d5 e5 18. c5 cxd5 19. Nxd5 Nxd5 20. Rxd5 Kh8 21. Nxe5
Nxe5 22. Rxd8+ Rxd8 23. Bxh5 Bf6 24. Rd1 g6 25. Be2 Nc6 26. Kh1 Rxd1+ 27. Bxd1
Qd8 28. Bf3 Kg7 29. Bxc6 bxc6 30. b5 cxb5 31. Qxb5 Qd1+ 32. Kh2 Be5+ 33. g3 Qf3
34. Qd3 Qc6 35. Bd4 Bxd4 36. Qxd4+ Qf6 37. Qxf6+ Kxf6 38. Kg2 Ke5 39. Kf3 Kd5
40. Kf4 f6 41. g4 h6 42. h4 Kxc5 43. h5 gxh5 44. gxh5 Kd6 45. Kf5 Ke7 46. Kg6
Ke6 47. Kxh6 Kf5 48. Kg7 Kg4 49. h6 f5 50. h7 Kf3 51. h8=Q Kxf2 52. Qf8 1-0

[Event "ODEM U25A 2012"]
[Site "Oberhof GER"]
[Date "2012.05.28"]
[Round "3"]
[White "Diller, Daniel"]
[Black "Bieg, Pascal"]
[Result "1/2-1/2"]
[Termination "normal"]
[Board "14"]
[WhiteElo "1809"]
[BlackElo "1776"]
[PlyCount "43"]
[WhiteFideId "12908983"]
[BlackFideId "12915645"]
[EventCountry "GER"]
[EventRounds "9"]
[EventType "swiss"]
[EventDate "2012.05.26"]

1. c4 Nf6 2. g3 g6 3. Bg2 Bg7 4. Nc3 O-O 5. e4 c5 6. Nge2 Nc6 7. O-O d6 8. d3
a6 9. h3 Rb8 10. a4 Ne8 11. Be3 Nc7 12. d4 cxd4 13. Nxd4 Ne6 14. Nde2 Nc5 15.
f4 Na5 16. b4 Nxc4 17. Bxc5 dxc5 18. Qxd8 Rxd8 19. bxc5 Ne3 20. Rfc1 Nxg2 21.
Kxg2 Bd7 22. Rd1 1/2-1/2

[Event "ODEM U25A 2012"]
[Site "Oberhof GER"]
[Date "2012.05.28"]
[Round "3"]
[White "Berger, Manuel"]
[Black "Hollatz, Michael"]
[Result "1-0"]
[Termination "normal"]
[Board "15"]
[WhiteElo "1888"]
[BlackElo "1653"]
[PlyCount "61"]
[WhiteFideId "24692506"]
[BlackFideId "4622820"]
[EventCountry "GER"]
[EventRounds "9"]
[EventType "swiss"]
[EventDate "2012.05.26"]

1. e4 e5 2. Nf3 Nc6 3. Bc4 d6 4. d3 Bg4 5. c3 Be7 6. Qb3 Na5 7. Bxf7+ Kf8 8.
Qa4 c6 9. Bxg8 b5 10. Qc2 Rxg8 11. b4 Nb7 12. a4 a6 13. Qe2 Bf6 14. h3 Be6 15.
O-O h6 16. Nh2 Qd7 17. f4 Ke7 18. Be3 bxa4 19. Rxa4 c5 20. Qc2 exf4 21. Bxf4 g5
22. Be3 h5 23. bxc5 Nxc5 24. Bxc5 dxc5 25. Ra5 g4 26. hxg4 Bxg4 27. Qf2 Qd6 28.
e5 Qxe5 29. Re1 Qxe1+ 30. Qxe1+ Kd6 31. Qf2 1-0

[Event "ODEM U25A 2012"]
[Site "Oberhof GER"]
[Date "2012.05.28"]
[Round "3"]
[White "Myagkov, Kirill"]
[Black "Valet, Alexander"]
[Result "1/2-1/2"]
[Termination "normal"]
[Board "16"]
[WhiteElo "1861"]
[BlackElo "1910"]
[PlyCount "43"]
[WhiteFideId "24657042"]
[BlackFideId "24682560"]
[EventCountry "GER"]
[EventRounds "9"]
[EventType "swiss"]
[EventDate "2012.05.26"]

1. e4 b6 2. d4 e6 3. c4 Bb7 4. Nc3 Bb4 5. Bd3 Ne7 6. Qg4 Ng6 7. f4 Qh4+ 8. Qxh4
Nxh4 9. g3 Ng6 10. Bd2 d6 11. a3 Bxc3 12. bxc3 Nd7 13. Nf3 Nf6 14. d5 Nd7 15.
Nd4 e5 16. Nf5 Kf8 17. Be3 Ne7 18. Nxe7 Kxe7 19. O-O f6 20. f5 a5 21. a4 Ba6
22. Rab1 1/2-1/2

[Event "ODEM U25A 2012"]
[Site "Oberhof GER"]
[Date "2012.05.28"]
[Round "3"]
[White "Kast, Joannis"]
[Black "Bleecke, Sebastian"]
[Result "1/2-1/2"]
[Termination "normal"]
[Board "17"]
[WhiteElo "1758"]
[BlackElo "1595"]
[PlyCount "88"]
[WhiteFideId "24698776"]
[BlackFideId "12941131"]
[EventCountry "GER"]
[EventRounds "9"]
[EventType "swiss"]
[EventDate "2012.05.26"]

1. e4 c5 2. Nf3 Nc6 3. d4 cxd4 4. Nxd4 g6 5. c4 Bg7 6. Be3 Nf6 7. Nc3 d6 8. f3
O-O 9. Qd2 Bd7 10. Be2 Nxd4 11. Bxd4 Bc6 12. Be3 Nd7 13. O-O a5 14. Rfd1 Rc8
15. Rac1 Nc5 16. b3 Qb6 17. Nd5 Bxd5 18. cxd5 Qb4 19. Qxb4 axb4 20. Bd2 Ra8 21.
Rc2 Bc3 22. Bxc3 bxc3 23. Bc4 Rfb8 24. a4 Rc8 25. Rdc1 Nxa4 26. Bb5 Nb6 27.
Rxc3 Kg7 28. Rxc8 Rxc8 29. Rxc8 Nxc8 30. Kf2 Kf6 31. f4 Nb6 32. Ke3 g5 33. g3
e5 34. f5 Ke7 35. h4 h6 36. hxg5 hxg5 37. Kd3 Na8 38. Kc3 Nc7 39. Be2 b6 40.
Kd2 f6 41. Kc3 Kf7 42. g4 Ke7 43. Kb4 Kd8 44. Ka4 Ke7 1/2-1/2

[Event "ODEM U25A 2012"]
[Site "Oberhof GER"]
[Date "2012.05.28"]
[Round "3"]
[White "Bosse, Lea"]
[Black "Torzinski, Nils"]
[Result "0-1"]
[Termination "normal"]
[Board "18"]
[WhiteElo "1631"]
[BlackElo "1778"]
[PlyCount "62"]
[WhiteFideId "12900419"]
[BlackFideId "24695840"]
[EventCountry "GER"]
[EventRounds "9"]
[EventType "swiss"]
[EventDate "2012.05.26"]

1. e4 e5 2. Nf3 Nc6 3. Bc4 Bc5 4. d4 Nxd4 5. Nxe5 Qe7 6. Qh5 g6 7. Bxf7+ Qxf7
8. Nxf7 gxh5 9. Nxh8 Nxc2+ 10. Kd1 Nxa1 11. Bd2 d5 12. b4 Bb6 13. Bc3 d4 14.
Bxa1 Kf8 15. Nd2 Be6 16. Nf3 Bg4 17. Kc2 Bxf3 18. gxf3 Kg7 19. Rd1 Rd8 20. a4
a6 21. Kd3 Ne7 22. Rg1+ Kxh8 23. Rg5 Ng6 24. Kc4 Kg8 25. f4 d3 26. Rg1 d2 27.
Rd1 Bxf2 28. f5 Nf4 29. Be5 Ng2 30. Kc3 Ne3 31. Rxd2 Be1 0-1

[Event "ODEM U25A 2012"]
[Site "Oberhof GER"]
[Date "2012.05.28"]
[Round "3"]
[White "Usczeck, Lukas"]
[Black "Dietrich, Franz"]
[Result "1-0"]
[Termination "normal"]
[Board "20"]
[WhiteElo "1766"]
[BlackElo "1571"]
[PlyCount "83"]
[WhiteFideId "12937827"]
[BlackFideId "1270312"]
[EventCountry "GER"]
[EventRounds "9"]
[EventType "swiss"]
[EventDate "2012.05.26"]

1. d4 d5 2. c4 e6 3. Nc3 Nf6 4. Bg5 Nbd7 5. cxd5 exd5 6. e3 c6 7. Bd3 Bd6 8.
Nf3 h6 9. Bh4 O-O 10. O-O Re8 11. Qc2 Nf8 12. Rfc1 Bg4 13. Nd2 Bh5 14. Rab1 Bg6
15. Bg3 Bxd3 16. Qxd3 Bxg3 17. hxg3 N8h7 18. b4 a6 19. a4 Ng5 20. b5 cxb5 21.
axb5 Nge4 22. Ndxe4 Nxe4 23. Nxe4 dxe4 24. Qb3 a5 25. Qa4 b6 26. Rc6 Rc8 27.
Rbc1 Rxc6 28. Rxc6 Re6 29. Qc4 Qd7 30. d5 Re5 31. d6 Qg4 32. Rxb6 Qd1+ 33. Qf1
Rd5 34. Qxd1 Rxd1+ 35. Kh2 a4 36. Ra6 a3 37. b6 Rxd6 38. Ra8+ Kh7 39. b7 Rb6
40. b8=Q Rxb8 41. Rxb8 a2 42. Ra8 1-0

[Event "ODEM U25A 2012"]
[Site "Oberhof GER"]
[Date "2012.05.28"]
[Round "3"]
[White "Kitze, Lukas"]
[Black "Reimers, Juri"]
[Result "0-1"]
[Termination "normal"]
[Board "21"]
[WhiteElo "1513"]
[BlackElo "1729"]
[PlyCount "66"]
[WhiteFideId "12932159"]
[BlackFideId "24661511"]
[EventCountry "GER"]
[EventRounds "9"]
[EventType "swiss"]
[EventDate "2012.05.26"]

1. e4 g6 2. d4 Bg7 3. f4 d5 4. e5 c5 5. Nf3 cxd4 6. Nxd4 Nc6 7. Be3 Nh6 8. Bd3
Nxd4 9. Bxd4 Nf5 10. Bf2 O-O 11. h3 f6 12. g4 Nh6 13. exf6 Bxf6 14. c3 Bg7 15.
Qd2 Qd6 16. Be3 e5 17. f5 gxf5 18. gxf5 Nxf5 19. Bxf5 Bxf5 20. Na3 d4 21. O-O-O
Qc6 22. Bg5 Rac8 23. Rhg1 Kh8 24. Rdf1 e4 25. Qg2 dxc3 26. b3 Bg6 27. h4 Qa6
28. Be7 Bh6+ 29. Kd1 Qd3+ 30. Ke1 Bd2+ 31. Kd1 c2+ 32. Nxc2 Qxc2+ 33. Ke2 Qd3+
0-1

[Event "ODEM U25A 2012"]
[Site "Oberhof GER"]
[Date "2012.05.28"]
[Round "3"]
[White "Martin, Raphael"]
[Black "Celmer, Ole"]
[Result "0-1"]
[Termination "normal"]
[Board "22"]
[WhiteElo "1511"]
[BlackElo "1834"]
[PlyCount "85"]
[WhiteFideId "12952036"]
[BlackFideId "24657107"]
[EventCountry "GER"]
[EventRounds "9"]
[EventType "swiss"]
[EventDate "2012.05.26"]

1. e4 e5 2. Nf3 Nc6 3. Bc4 Bc5 4. c3 Nf6 5. d4 exd4 6. cxd4 Bb4+ 7. Bd2 Bxd2+
8. Nbxd2 d5 9. exd5 Nxd5 10. Qb3 Nce7 11. O-O O-O 12. Rfe1 c6 13. a4 a5 14.
Rac1 Rb8 15. Ne5 Be6 16. Nd3 Nf5 17. Nf3 Qf6 18. Nde5 h5 19. Qd3 Rbd8 20. Qd2
Nb4 21. Qc3 Bd5 22. Rcd1 Nd6 23. Bxd5 Nxd5 24. Qxa5 Nf4 25. Qc7 Qf5 26. b3 g5
27. g3 Nh3+ 28. Kg2 g4 29. Ng1 Qxf2+ 30. Kh1 Nxg1 31. Rxg1 Qe3 32. Nd7 Qf3+ 33.
Rg2 Qxd1+ 34. Rg1 Qf3+ 35. Rg2 Rfe8 36. Qa5 Rxd7 37. Qg5+ Kf8 38. Qh6+ Ke7 39.
Qg5+ Qf6 40. Qc1 Kd8 41. Qd2 Kc8 42. Qa5 Kb8 43. Qd2 0-1

[Event "ODEM U25A 2012"]
[Site "Oberhof GER"]
[Date "2012.05.28"]
[Round "3"]
[White "Wachinger, David"]
[Black "Linnemann, Niklas"]
[Result "0-1"]
[Termination "normal"]
[Board "23"]
[WhiteElo "1699"]
[BlackElo "1932"]
[PlyCount "96"]
[WhiteFideId "24692689"]
[BlackFideId "24695645"]
[EventCountry "GER"]
[EventRounds "9"]
[EventType "swiss"]
[EventDate "2012.05.26"]

1. d4 Nf6 2. c4 g6 3. Nc3 d5 4. Bf4 Bg7 5. e3 O-O 6. cxd5 Nbd7 7. e4 Nb6 8. Be2
Ne8 9. Nf3 f5 10. e5 Nxd5 11. Nxd5 Qxd5 12. O-O c6 13. Rc1 Be6 14. Ng5 b5 15.
Bf3 Qxa2 16. Nxe6 Qxe6 17. Bxc6 Rd8 18. Bxb5 Qb6 19. Bxe8 Rfxe8 20. d5 Qxb2 21.
Rc2 Qb4 22. d6 Qxf4 23. d7 Rf8 24. Qd5+ Kh8 25. e6 Qb8 26. Rfc1 Be5 27. g3 f4
28. Rc8 Qb2 29. R1c2 Qd4 30. Rxd8 Rxd8 31. Qa5 Qd1+ 32. Kg2 f3+ 33. Kh3 Qf1+
34. Kg4 h5+ 35. Kg5 Bf6+ 36. Kf4 g5+ 37. Ke3 Rf8 38. d8=Q Rxd8 39. Qxd8+ Kg7
40. Qe8 Qe1+ 41. Kd3 Qd1+ 42. Rd2 Qb3+ 43. Ke4 Qxe6+ 44. Kd3 Qb3+ 45. Ke4 Qb4+
46. Ke3 Qc5+ 47. Ke4 Qe5+ 48. Kd3 Qc3+ 0-1

[Event "ODEM U25A 2012"]
[Site "Oberhof GER"]
[Date "2012.05.28"]
[Round "3"]
[White "Häusler, Yannick"]
[Black "Mann, Johannes"]
[Result "1/2-1/2"]
[Termination "normal"]
[Board "24"]
[WhiteElo "1900"]
[BlackElo "1859"]
[PlyCount "67"]
[WhiteFideId "12935891"]
[BlackFideId "24691380"]
[EventCountry "GER"]
[EventRounds "9"]
[EventType "swiss"]
[EventDate "2012.05.26"]

1. d4 c5 2. d5 Nf6 3. c4 e6 4. Nc3 exd5 5. Nxd5 Nxd5 6. Qxd5 Nc6 7. Bd2 d6 8.
e4 Be6 9. Qd3 Qd7 10. Nf3 Be7 11. Be2 O-O 12. Bc3 Rae8 13. Nd2 f5 14. Bf3 Bf6
15. O-O Bxc3 16. Qxc3 Nd4 17. Rfe1 fxe4 18. Bxe4 Qf7 19. f3 Kh8 20. b3 Bf5 21.
Rad1 Qg6 22. Kh1 Qf6 23. Bxb7 Rxe1+ 24. Rxe1 Qh4 25. Ne4 Re8 26. Ng3 Rxe1+ 27.
Qxe1 Qd8 28. Nxf5 Nxf5 29. Qe6 Ne7 30. Be4 Ng8 31. h3 Nf6 32. Bf5 Ng8 33. Qc8
Qf6 34. Be6 1/2-1/2

[Event "ODEM U25A 2012"]
[Site "Oberhof GER"]
[Date "2012.05.28"]
[Round "3"]
[White "Ospina Ocampo, Camilo"]
[Black "Naundorf, Johannes"]
[Result "1-0"]
[Termination "normal"]
[Board "25"]
[WhiteElo "1972"]
[BlackElo "1494"]
[PlyCount "55"]
[WhiteFideId "12907030"]
[BlackFideId "12950009"]
[EventCountry "GER"]
[EventRounds "9"]
[EventType "swiss"]
[EventDate "2012.05.26"]

1. e4 Nf6 2. Nc3 d5 3. exd5 Nxd5 4. d4 Nxc3 5. bxc3 c6 6. Nf3 Bf5 7. Bc4 e6 8.
O-O Be7 9. Ne5 Nd7 10. f4 Nxe5 11. fxe5 O-O 12. Rb1 b5 13. Bd3 Bxd3 14. Qxd3
Bg5 15. Rf3 Bxc1 16. Rxc1 Qg5 17. Rcf1 Qg6 18. Qd2 f5 19. exf6 Rxf6 20. Rxf6
gxf6 21. Qf4 Rf8 22. Qd6 Qe4 23. h3 Qd5 24. Qg3+ Kh8 25. Qh4 Kg7 26. Rf3 Rf7
27. Qg3+ Kh6 28. Rf4 1-0

[Event "ODEM U25A 2012"]
[Site "Oberhof GER"]
[Date "2012.05.28"]
[Round "3"]
[White "Salz, Matthias"]
[Black "Tobianski, Fabian"]
[Result "1/2-1/2"]
[Termination "normal"]
[Board "28"]
[WhiteElo "1577"]
[BlackElo "1628"]
[PlyCount "136"]
[WhiteFideId "12943312"]
[BlackFideId "12952001"]
[EventCountry "GER"]
[EventRounds "9"]
[EventType "swiss"]
[EventDate "2012.05.26"]

1. c4 e6 2. g3 d5 3. Bg2 Nf6 4. Nf3 c6 5. O-O Nbd7 6. b3 Bd6 7. Bb2 O-O 8. Nc3
Re8 9. d4 b6 10. cxd5 Nxd5 11. Nxd5 cxd5 12. Qd3 a5 13. Rfc1 Ba6 14. Qd1 Rc8
15. Bf1 Qe7 16. e3 Nb8 17. Bxa6 Nxa6 18. Ne1 Ba3 19. Qe2 Bxb2 20. Qxb2 Qd7 21.
Qe2 Nb4 22. a3 Nc6 23. Qb5 Qb7 24. b4 Na7 25. Qa4 axb4 26. Qxb4 Nc6 27. Qb5 Na5
28. a4 Nc4 29. a5 Qc6 30. Qxc6 Rxc6 31. a6 Na5 32. Rxc6 Nxc6 33. Nd3 Na5 34.
Rb1 Nc4 35. Ne5 g6 36. Nxc4 dxc4 37. Rxb6 c3 38. Rc6 Ra8 39. e4 c2 40. d5 Rxa6
41. Rxc2 exd5 42. exd5 Ra1+ 43. Kg2 Rd1 44. Rc5 Kf8 45. Kf3 Ke7 46. Ke4 f5+ 47.
Ke5 Re1+ 48. Kf4 Kd6 49. Ra5 Re7 50. h4 Rf7 51. Kg5 Ke5 52. f4+ Kd6 53. Rb5 Kc7
54. Rb3 Kd6 55. Rd3 Rf8 56. Kh6 Rf7 57. Kg5 Rf8 58. h5 gxh5 59. Kxh5 Rf7 60. g4
Rf8 61. gxf5 Rxf5+ 62. Kg4 Rf8 63. f5 h5+ 64. Kf4 Rf7 65. Kg5 Ke5 66. f6 Rf8
67. d6 Rg8+ 68. Kxh5 Kxf6 1/2-1/2

[Event "ODEM U25A 2012"]
[Site "Oberhof GER"]
[Date "2012.05.28"]
[Round "3"]
[White "Wastian, Jan"]
[Black "Klinge, Sabina"]
[Result "1-0"]
[Termination "normal"]
[Board "29"]
[WhiteElo "1627"]
[BlackElo "1447"]
[PlyCount "69"]
[WhiteFideId "12911640"]
[BlackFideId "12949590"]
[EventCountry "GER"]
[EventRounds "9"]
[EventType "swiss"]
[EventDate "2012.05.26"]

1. e4 c5 2. c3 Nf6 3. e5 Nd5 4. d4 cxd4 5. Nf3 Nc6 6. cxd4 g6 7. Bc4 Nb6 8. Bb3
Bg7 9. O-O O-O 10. Qe2 Na5 11. Bc2 d6 12. h3 h6 13. Nc3 Nc6 14. Bf4 Be6 15.
Rfd1 dxe5 16. dxe5 Qc7 17. Nb5 Qc8 18. Rac1 Nd5 19. Bg3 Rd8 20. Bb3 Qd7 21. Rd2
Rac8 22. Rcd1 Na5 23. Bxd5 Bxd5 24. Rxd5 Qe8 25. Rxd8 Rxd8 26. Rxd8 Qxd8 27.
Nc3 Nc6 28. Qd1 Qa5 29. Qd5 Qb6 30. Qb5 Qxb5 31. Nxb5 Kf8 32. Kf1 Ke8 33. Ke2
Kd7 34. Ke3 e6 35. Nd6 1-0

[Event "ODEM U25A 2012"]
[Site "Oberhof GER"]
[Date "2012.05.28"]
[Round "3"]
[White "Katz, Simon"]
[Black "Walther, Felix"]
[Result "0-1"]
[Termination "normal"]
[Board "30"]
[WhiteElo "1433"]
[BlackElo "1586"]
[PlyCount "34"]
[WhiteFideId "12901296"]
[EventCountry "GER"]
[EventRounds "9"]
[EventType "swiss"]
[EventDate "2012.05.26"]

1. e4 e5 2. Nf3 Nc6 3. Bb5 a6 4. Bxc6 dxc6 5. O-O Bg4 6. h3 h5 7. d3 Qf6 8. Be3
Ne7 9. Nbd2 Ng6 10. hxg4 hxg4 11. Bg5 Qe6 12. Nh2 g3 13. fxg3 Bc5+ 14. Kh1 f6
15. Nb3 Bb6 16. Bd2 O-O-O 17. Rf5 Rxh2+ 0-1

[Event "ODEM U25A 2012"]
[Site "Oberhof GER"]
[Date "2012.05.28"]
[Round "3"]
[White "Mann, Jonas"]
[Black "Blumenthal, Clemens"]
[Result "0-1"]
[Termination "normal"]
[Board "31"]
[WhiteElo "1541"]
[BlackElo "1435"]
[PlyCount "40"]
[WhiteFideId "12900214"]
[BlackFideId "12938050"]
[EventCountry "GER"]
[EventRounds "9"]
[EventType "swiss"]
[EventDate "2012.05.26"]

1. c4 Nf6 2. Nc3 e6 3. g3 Nc6 4. Bg2 Be7 5. e3 b6 6. Nge2 Bb7 7. O-O h5 8. d4
h4 9. d5 Na5 10. b3 hxg3 11. fxg3 Bc5 12. Nf4 a6 13. Nd3 Bd6 14. Ne4 Nxe4 15.
Bxe4 Qe7 16. Bb2 Qg5 17. Qf3 f5 18. Ne5 Qf6 19. Nd3 Qh6 20. Ne5 Qxh2# 0-1

[Event "ODEM U25A 2012"]
[Site "Oberhof GER"]
[Date "2012.05.29"]
[Round "4"]
[White "Carow, Annelen"]
[Black "Zimmermann, Christian"]
[Result "0-1"]
[Termination "normal"]
[Board "1"]
[WhiteElo "1957"]
[BlackElo "1878"]
[PlyCount "46"]
[WhiteFideId "24692492"]
[BlackFideId "24692069"]
[EventCountry "GER"]
[EventRounds "9"]
[EventType "swiss"]
[EventDate "2012.05.26"]

1. d4 Nf6 2. c4 g6 3. Nc3 d5 4. cxd5 Nxd5 5. Bd2 Bg7 6. e4 Nxc3 7. Bxc3 O-O 8.
Nf3 c5 9. d5 e6 10. Be2 exd5 11. exd5 Nd7 12. Qd2 Nf6 13. Rd1 Bf5 14. O-O Ne4
15. Qc1 Nxc3 16. bxc3 Qa5 17. Nh4 Bd7 18. Rd2 Qxc3 19. Rc2 Qf6 20. g3 b6 21.
Rc4 Rfe8 22. Re1 Qe5 23. Rc2 Ba4 0-1